Countries Most Similar To Belize - Statistics

General Stats
  • This quiz has been taken 39 times
    32 since last reset
  • The average score is 16 of 20
Answer Stats
Rank Country Score % Correct
9 Guatemala 70.7
94%
7 Honduras 71.3
94%
1 Jamaica 73.2
94%
14 Mexico 66.4
94%
2 Bahamas 72.8
88%
13 Brazil 66.4
88%
12 Colombia 69.2
88%
11 Costa Rica 69.2
88%
10 Dominican Republic 69.9
88%
6 Nicaragua 71.3
88%
3 Panama 72
88%
16 Suriname 66.1
88%
18 Venezuela 64.6
88%
15 Ecuador 66.3
81%
4 Guyana 71.9
81%
17 Peru 65.4
81%
20 Bolivia 63.3
75%
8 Trinidad and Tobago 71.3
75%
5 El Salvador 71.4
69%
19 Fiji 63.5
13%
No matching quizzes found
Score Distribution
Percent of People with Each Score
Percentile by Number Answered
Your Score History
You have not taken this quiz since the last reset